[Event "MPJ_D18"]
[Site "?"]
[Date "2016.03.16"]
[Round "5.4"]
[White "Jedrocha, Katarzyna"]
[Black "Dmochowska, Agnieszka"]
[Result "0-1"]
[BlackElo "1953"]
[WhiteElo "1923"]
[LiveChessVersion "1.4.8"]

1. Nf3 {[%clk 1:30:57]} Nf6 {[%clk 1:30:32]} 2. c4 {[%clk 1:31:17]} g6
{[%clk 1:29:22]} 3. g3 {[%clk 1:31:33]} Bg7 {[%clk 1:29:40]} 4. Bg2
{[%clk 1:31:55]} O-O {[%clk 1:30:01]} 5. O-O {[%clk 1:32:19]} c5 {[%clk 1:27:54]}
6. Nc3 {[%clk 1:31:25]} Nc6 {[%clk 1:26:10]} 7. d3 {[%clk 1:24:05]} Rb8
{[%clk 1:17:46]} 8. Rb1 {[%clk 1:04:12]} a6 {[%clk 1:14:57]} 9. b3
{[%clk 1:02:02]} e6 {[%clk 1:05:00]} 10. Bb2 {[%clk 0:59:54]} d5 {[%clk 1:02:34]}
11. cxd5 {[%clk 0:54:32]} exd5 {[%clk 1:02:24]} 12. e4 {[%clk 0:50:45]} Re8
{[%clk 0:49:46]} 13. Nxd5 {[%clk 0:44:47]} Nxd5 {[%clk 0:49:33]} 14. exd5
{[%clk 0:45:09]} Nb4 {[%clk 0:45:31]} 15. Bxg7 {[%clk 0:40:50]} Kxg7
{[%clk 0:45:53]} 16. d4 {[%clk 0:39:19]} Qxd5 {[%clk 0:37:10]} 17. dxc5
{[%clk 0:34:31]} Qxc5 {[%clk 0:37:27]} 18. Rc1 {[%clk 0:33:15]} Qb6
{[%clk 0:37:30]} 19. Qd2 {[%clk 0:27:59]} Bf5 {[%clk 0:34:42]} 20. Rc4
{[%clk 0:26:22]} a5 {[%clk 0:29:53]} 21. Nd4 {[%clk 0:23:12]} Bd3
{[%clk 0:28:04]} 22. Rxb4 {[%clk 0:21:39]} Qxb4 {[%clk 0:22:22]} 23. Qxd3
{[%clk 0:21:28]} Rbd8 {[%clk 0:21:28]} 24. Rd1 {[%clk 0:21:34]} Kg8
{[%clk 0:18:45]} 25. Bf3 {[%clk 0:10:17]} Re1+ {[%clk 0:17:55]} 26. Rxe1
{[%clk 0:10:23]} Qxe1+ {[%clk 0:18:21]} 27. Kg2 {[%clk 0:10:30]} Qb4
{[%clk 0:18:26]} 28. Qb5 {[%clk 0:06:31]} Qxd4 {[%clk 0:17:19]} 29. Qxa5
{[%clk 0:06:46]} b6 {[%clk 0:17:35]} 30. Qb5 {[%clk 0:06:26]} Rc8
{[%clk 0:17:21]} 31. Qe2 {[%clk 0:05:50]} Rc3 {[%clk 0:15:28]} 32. Qe8+
{[%clk 0:04:25]} Kg7 {[%clk 0:15:52]} 33. Be4 {[%clk 0:03:28]} Rc5
{[%clk 0:15:21]} 34. Bf3 {[%clk 0:01:49]} Rc2 {[%clk 0:15:26]} 35. Qe1
{[%clk 0:02:12]} Rxa2 {[%clk 0:15:42]} 36. Qf1 {[%clk 0:01:42]} Rb2
{[%clk 0:15:35]} 37. Be2 {[%clk 0:00:55]} Rxb3 {[%clk 0:15:45]} 38. Bc4
{[%clk 0:01:06]} Qe4+ {[%clk 0:15:33]} 39. Kh3 {[%clk 0:01:03]} Rc3
{[%clk 0:15:08]} 40. Be2 {[%clk 0:30:57]} Qd4 {[%clk 0:38:43]} 41. Kg2
{[%clk 0:30:13]} Rc2 {[%clk 0:38:50]} 42. Bd3 {[%clk 0:30:18]} Rd2
{[%clk 0:39:03]} 43. Bc4 {[%clk 0:30:37]} Rb2 {[%clk 0:33:28]} 0-1

[Event "MPJ_D18"]
[Site "?"]
[Date "2016.03.16"]
[Round "5.5"]
[White "Marczuk, Anna"]
[Black "Antolak, Julia"]
[Result "0-1"]
[BlackElo "2087"]
[WhiteElo "2041"]
[LiveChessVersion "1.4.8"]

1. e4 {[%clk 1:30:57]} c5 {[%clk 1:30:55]} 2. Nf3 {[%clk 1:31:19]} Nc6
{[%clk 1:31:18]} 3. d4 {[%clk 1:30:13]} cxd4 {[%clk 1:31:41]} 4. Nxd4
{[%clk 1:30:37]} g6 {[%clk 1:32:05]} 5. c4 {[%clk 1:29:39]} Bg7 {[%clk 1:32:16]}
6. Be3 {[%clk 1:29:21]} Nf6 {[%clk 1:32:30]} 7. Nc3 {[%clk 1:29:19]} Ng4
{[%clk 1:32:27]} 8. Qxg4 {[%clk 1:20:41]} Nxd4 {[%clk 1:32:30]} 9. Qd1
{[%clk 1:20:30]} Ne6 {[%clk 1:32:34]} 10. Qd2 {[%clk 1:16:25]} b6
{[%clk 1:26:51]} 11. Be2 {[%clk 1:13:40]} Ba6 {[%clk 1:23:59]} 12. Rc1
{[%clk 1:11:07]} Rc8 {[%clk 1:19:48]} 13. Nd5 {[%clk 1:06:59]} Nc7
{[%clk 1:08:56]} 14. O-O {[%clk 1:03:15]} e6 {[%clk 1:06:49]} 15. Nb4
{[%clk 0:52:22]} Bb7 {[%clk 1:02:38]} 16. f3 {[%clk 0:51:07]} a5 {[%clk 0:47:48]}
17. Nd3 {[%clk 0:48:49]} Na6 {[%clk 0:48:00]} 18. e5 {[%clk 0:44:56]} d6
{[%clk 0:45:18]} 19. Bh6 {[%clk 0:36:22]} O-O {[%clk 0:44:17]} 20. Bxg7
{[%clk 0:36:17]} Kxg7 {[%clk 0:44:40]} 21. Qf4 {[%clk 0:35:44]} dxe5
{[%clk 0:44:02]} 22. Qxe5+ {[%clk 0:36:04]} Qf6 {[%clk 0:40:34]} 23. Rfd1
{[%clk 0:34:40]} Rfd8 {[%clk 0:40:28]} 24. f4 {[%clk 0:31:38]} Nc5
{[%clk 0:36:19]} 25. Qxf6+ {[%clk 0:26:53]} Kxf6 {[%clk 0:36:39]} 26. Nxc5
{[%clk 0:26:01]} bxc5 {[%clk 0:36:39]} 27. Kf2 {[%clk 0:24:09]} Bc6
{[%clk 0:34:53]} 28. g3 {[%clk 0:21:43]} Rb8 {[%clk 0:33:10]} 29. Rxd8
{[%clk 0:18:47]} Rxd8 {[%clk 0:33:32]} 30. Rd1 {[%clk 0:18:16]} Rxd1
{[%clk 0:33:12]} 31. Bxd1 {[%clk 0:18:38]} e5 {[%clk 0:32:55]} 32. Ke3
{[%clk 0:16:09]} exf4+ {[%clk 0:31:33]} 33. gxf4 {[%clk 0:08:37]} g5
{[%clk 0:31:12]} 34. Be2 {[%clk 0:07:02]} h6 {[%clk 0:29:43]} 35. Bg4
{[%clk 0:03:26]} Kg6 {[%clk 0:27:32]} 36. Bc8 {[%clk 0:03:03]} f5
{[%clk 0:27:00]} 37. Be6 {[%clk 0:02:06]} Be4 {[%clk 0:27:11]} 38. Bd7
{[%clk 0:02:02]} Kh5 {[%clk 0:27:30]} 39. a3 {[%clk 0:01:28]} Kg4
{[%clk 0:27:05]} 40. fxg5 {[%clk 0:31:52]} hxg5 {[%clk 0:57:21]} 41. Kf2
{[%clk 0:31:11]} Kf4 {[%clk 0:57:11]} 42. Be8 {[%clk 0:27:36]} Ke5
{[%clk 0:57:23]} 43. Ke3 {[%clk 0:28:01]} f4+ {[%clk 0:57:46]} 44. Kf2
{[%clk 0:28:23]} Kd4 {[%clk 0:58:12]} 45. Bf7 {[%clk 0:28:48]} Bd3
{[%clk 0:57:25]} 46. Kf3 {[%clk 0:28:42]} Bxc4 {[%clk 0:57:48]} 47. Bg6
{[%clk 0:29:02]} Bd5+ {[%clk 0:57:55]} 48. Kf2 {[%clk 0:29:20]} Be4
{[%clk 0:58:08]} 49. Bf7 {[%clk 0:29:40]} Kd3 {[%clk 0:58:30]} 50. a4
{[%clk 0:29:47]} Kc2 {[%clk 0:58:40]} 51. b3 {[%clk 0:30:13]} Kc3
{[%clk 0:59:05]} 52. Bc4 {[%clk 0:30:30]} Bc2 {[%clk 0:59:27]} 0-1

[Event "MPJ_D18"]
[Site "?"]
[Date "2016.03.16"]
[Round "5.6"]
[White "Konopacka, Martyna"]
[Black "Dadello, Aleksandra"]
[Result "1/2-1/2"]
[BlackElo "2041"]
[WhiteElo "1905"]
[LiveChessVersion "1.4.8"]

1. e4 {[%clk 1:30:59]} d5 {[%clk 1:30:35]} 2. exd5 {[%clk 1:31:20]} Qxd5
{[%clk 1:30:49]} 3. Nc3 {[%clk 1:31:48]} Qa5 {[%clk 1:31:13]} 4. d4
{[%clk 1:31:40]} Nf6 {[%clk 1:31:36]} 5. Bc4 {[%clk 1:30:04]} Bg4
{[%clk 1:24:16]} 6. f3 {[%clk 1:25:04]} Bf5 {[%clk 1:22:53]} 7. Nge2
{[%clk 1:22:43]} h5 {[%clk 1:16:11]} 8. Bd2 {[%clk 1:20:29]} Qb6 {[%clk 1:08:25]}
9. Bb3 {[%clk 1:15:56]} e6 {[%clk 1:03:43]} 10. Bf4 {[%clk 1:05:57]} Bb4
{[%clk 0:56:32]} 11. a3 {[%clk 1:01:07]} Bxc3+ {[%clk 0:38:54]} 12. bxc3
{[%clk 1:00:34]} Nc6 {[%clk 0:38:30]} 13. Rb1 {[%clk 0:58:22]} Qa5
{[%clk 0:36:03]} 14. Qd2 {[%clk 0:51:12]} O-O-O {[%clk 0:32:36]} 15. O-O
{[%clk 0:35:47]} e5 {[%clk 0:26:36]} 16. Be3 {[%clk 0:27:15]} exd4
{[%clk 0:21:20]} 17. cxd4 {[%clk 0:21:40]} Qxd2 {[%clk 0:19:58]} 18. Bxd2
{[%clk 0:22:06]} Nxd4 {[%clk 0:18:34]} 19. Nxd4 {[%clk 0:22:15]} Rxd4
{[%clk 0:18:44]} 20. Bc3 {[%clk 0:21:16]} Rd7 {[%clk 0:17:51]} 21. Rbe1
{[%clk 0:15:50]} Rhd8 {[%clk 0:08:11]} 22. h3 {[%clk 0:06:09]} h4
{[%clk 0:07:23]} 23. Re5 {[%clk 0:05:36]} Bg6 {[%clk 0:06:55]} 24. Be1
{[%clk 0:05:26]} Rd4 {[%clk 0:05:30]} 25. Bf2 {[%clk 0:04:34]} Rf4
{[%clk 0:03:35]} 26. Be3 {[%clk 0:04:52]} Rf5 {[%clk 0:03:59]} 27. Rxf5
{[%clk 0:04:58]} Bxf5 {[%clk 0:04:25]} 28. Bg5 {[%clk 0:05:21]} Rd4
{[%clk 0:03:32]} 29. Re1 {[%clk 0:04:14]} Kd7 {[%clk 0:01:09]} 30. Be3
{[%clk 0:04:16]} Rd6 {[%clk 0:01:00]} 31. Bg5 {[%clk 0:03:02]} Be6
{[%clk 0:01:03]} 32. Ba4+ {[%clk 0:01:00]} c6 {[%clk 0:01:31]} 33. Bxh4
{[%clk 0:00:54]} Rd4 {[%clk 0:01:03]} 34. Bxf6 {[%clk 0:01:17]} Rxa4
{[%clk 0:01:30]} 35. Rd1+ {[%clk 0:00:53]} Kc7 {[%clk 0:01:00]} 36. Bxg7
{[%clk 0:01:00]} Rxa3 {[%clk 0:01:22]} 37. h4 {[%clk 0:01:21]} a5
{[%clk 0:01:00]} 38. h5 {[%clk 0:01:10]} Bf5 {[%clk 0:00:43]} 39. c4
{[%clk 0:00:47]} a4 {[%clk 0:00:40]} 40. c5 {[%clk 0:30:42]} Rd3 {[%clk 0:30:54]}
41. Rxd3 {[%clk 0:22:05]} Bxd3 {[%clk 0:31:19]} 42. h6 {[%clk 0:21:23]} b5
{[%clk 0:27:02]} 43. cxb6+ {[%clk 0:21:25]} Kxb6 {[%clk 0:27:28]} 1/2-1/2

[Event "MPJ_D18"]
[Site "?"]
[Date "2016.03.16"]
[Round "5.7"]
[White "Fraczek, Weronika"]
[Black "Bebel, Agnieszka"]
[Result "1-0"]
[BlackElo "1706"]
[WhiteElo "1825"]
[LiveChessVersion "1.4.8"]

1. e4 {[%clk 1:30:57]} c5 {[%clk 1:30:49]} 2. Nf3 {[%clk 1:31:12]} e6
{[%clk 1:31:08]} 3. d3 {[%clk 1:31:13]} Nc6 {[%clk 1:30:21]} 4. g3
{[%clk 1:31:18]} g6 {[%clk 1:29:25]} 5. Bf4 {[%clk 1:26:16]} d6 {[%clk 1:27:41]}
6. Nbd2 {[%clk 1:25:27]} Bg7 {[%clk 1:22:17]} 7. Nc4 {[%clk 1:22:48]} e5
{[%clk 1:21:32]} 8. Bd2 {[%clk 1:21:24]} Nge7 {[%clk 1:19:30]} 9. Bg2
{[%clk 1:20:47]} O-O {[%clk 1:19:23]} 10. Qc1 {[%clk 1:19:37]} Be6
{[%clk 1:09:07]} 11. Bh6 {[%clk 1:16:22]} b5 {[%clk 1:06:14]} 12. Na3
{[%clk 1:13:06]} a6 {[%clk 1:04:28]} 13. h4 {[%clk 1:10:49]} Bg4 {[%clk 0:43:26]}
14. h5 {[%clk 1:01:10]} gxh5 {[%clk 0:41:40]} 15. Ng1 {[%clk 0:54:07]} Re8
{[%clk 0:30:12]} 16. f3 {[%clk 0:51:28]} Be6 {[%clk 0:29:39]} 17. Qg5
{[%clk 0:42:35]} Ng6 {[%clk 0:29:17]} 18. Qxh5 {[%clk 0:42:44]} Bxh6
{[%clk 0:24:40]} 19. Qxh6 {[%clk 0:42:55]} Qf6 {[%clk 0:24:44]} 20. Nh3
{[%clk 0:30:52]} Bxh3 {[%clk 0:22:31]} 21. Rxh3 {[%clk 0:29:19]} Qg7
{[%clk 0:20:05]} 22. Qe3 {[%clk 0:28:23]} Kf8 {[%clk 0:17:44]} 23. O-O-O
{[%clk 0:26:59]} Ke7 {[%clk 0:16:52]} 24. Rdh1 {[%clk 0:26:20]} Nf8
{[%clk 0:16:06]} 25. Nb1 {[%clk 0:21:12]} Nd4 {[%clk 0:15:51]} 26. Nc3
{[%clk 0:20:48]} Rab8 {[%clk 0:15:22]} 27. Nd5+ {[%clk 0:20:38]} Kd7
{[%clk 0:15:37]} 28. Rh4 {[%clk 0:17:28]} Kc6 {[%clk 0:13:22]} 29. Rg4
{[%clk 0:16:31]} Ng6 {[%clk 0:12:40]} 30. c3 {[%clk 0:15:40]} f5 {[%clk 0:10:29]}
31. exf5 {[%clk 0:14:44]} Nxf5 {[%clk 0:10:49]} 32. Qe4 {[%clk 0:14:50]} Qf7
{[%clk 0:08:59]} 33. Ne3+ {[%clk 0:13:10]} Kb6 {[%clk 0:07:39]} 34. Qxf5
{[%clk 0:13:09]} Qxa2 {[%clk 0:07:09]} 35. Rxh7 {[%clk 0:12:12]} Ne7
{[%clk 0:05:57]} 36. Qe4 {[%clk 0:10:34]} d5 {[%clk 0:03:28]} 37. Qxe5
{[%clk 0:10:24]} Rb7 {[%clk 0:02:16]} 38. Qd6+ {[%clk 0:07:55]} Nc6
{[%clk 0:02:01]} 39. Rxb7+ {[%clk 0:08:08]} Kxb7 {[%clk 0:02:18]} 40. Qd7+
{[%clk 0:38:29]} 1-0

[Event "MPJ_D18"]
[Site "?"]
[Date "2016.03.16"]
[Round "5.8"]
[White "Dwilewicz, Katarzyna"]
[Black "Kotula, Magdalena"]
[Result "0-1"]
[BlackElo "1502"]
[WhiteElo "1811"]
[LiveChessVersion "1.4.8"]

1. e4 {[%clk 1:30:47]} c5 {[%clk 1:30:53]} 2. Nf3 {[%clk 1:31:03]} Nc6
{[%clk 1:31:18]} 3. d4 {[%clk 1:31:21]} cxd4 {[%clk 1:31:45]} 4. Nxd4
{[%clk 1:31:37]} Nf6 {[%clk 1:32:08]} 5. Nc3 {[%clk 1:31:48]} e5 {[%clk 1:32:31]}
6. Ndb5 {[%clk 1:31:53]} d6 {[%clk 1:32:51]} 7. a4 {[%clk 1:31:52]} a6
{[%clk 1:30:47]} 8. Na3 {[%clk 1:32:11]} Be7 {[%clk 1:29:31]} 9. Bc4
{[%clk 1:29:27]} O-O {[%clk 1:27:09]} 10. O-O {[%clk 1:29:16]} Kh8
{[%clk 1:22:18]} 11. Re1 {[%clk 1:21:28]} Ne8 {[%clk 1:15:03]} 12. Nd5
{[%clk 1:18:23]} f5 {[%clk 1:12:13]} 13. Be3 {[%clk 1:08:56]} f4 {[%clk 1:08:32]}
14. Bb6 {[%clk 1:09:01]} Qd7 {[%clk 1:08:54]} 15. f3 {[%clk 1:06:11]} Bh4
{[%clk 1:02:17]} 16. Rf1 {[%clk 1:03:09]} g5 {[%clk 0:58:28]} 17. b4
{[%clk 0:52:28]} Ne7 {[%clk 0:50:50]} 18. c3 {[%clk 0:48:02]} Nxd5
{[%clk 0:46:19]} 19. Qxd5 {[%clk 0:31:03]} g4 {[%clk 0:36:32]} 20. fxg4
{[%clk 0:25:09]} Qxg4 {[%clk 0:30:48]} 21. Rf3 {[%clk 0:16:40]} Qg7
{[%clk 0:23:48]} 22. h3 {[%clk 0:14:18]} Rf6 {[%clk 0:19:23]} 23. Bd8
{[%clk 0:12:36]} Rh6 {[%clk 0:16:14]} 24. Bxh4 {[%clk 0:12:45]} Rxh4
{[%clk 0:16:42]} 25. Kh2 {[%clk 0:12:59]} Bg4 {[%clk 0:15:54]} 26. Rd3
{[%clk 0:05:11]} Be2 {[%clk 0:14:32]} 27. Rd2 {[%clk 0:04:25]} Qg3+
{[%clk 0:13:50]} 28. Kg1 {[%clk 0:04:08]} Qe3+ {[%clk 0:08:46]} 29. Kh1
{[%clk 0:02:55]} Rxh3+ {[%clk 0:08:13]} 30. gxh3 {[%clk 0:03:23]} Qxh3+
{[%clk 0:08:29]} 31. Kg1 {[%clk 0:03:52]} Qg3+ {[%clk 0:08:45]} 32. Kh1
{[%clk 0:04:02]} Bf3+ {[%clk 0:08:43]} 0-1

[Event "MPJ_D18"]
[Site "?"]
[Date "2016.03.16"]
[Round "5.9"]
[White "Burakowska, Gabriela"]
[Black "Kozaczynska, Aleksandra"]
[Result "1/2-1/2"]
[BlackElo "1683"]
[WhiteElo "1765"]
[LiveChessVersion "1.4.8"]

1. e4 {[%clk 1:30:59]} c5 {[%clk 1:30:57]} 2. Nf3 {[%clk 1:31:22]} d6
{[%clk 1:31:22]} 3. d4 {[%clk 1:31:48]} cxd4 {[%clk 1:31:48]} 4. Nxd4
{[%clk 1:32:14]} Nf6 {[%clk 1:32:09]} 5. Nc3 {[%clk 1:32:39]} g6 {[%clk 1:32:35]}
6. Be3 {[%clk 1:33:06]} Bg7 {[%clk 1:33:00]} 7. f3 {[%clk 1:33:32]} a6
{[%clk 1:32:39]} 8. g4 {[%clk 1:32:55]} h5 {[%clk 1:30:30]} 9. g5
{[%clk 1:31:58]} Nfd7 {[%clk 1:30:44]} 10. Qd2 {[%clk 1:30:23]} b5
{[%clk 1:28:50]} 11. h3 {[%clk 1:16:34]} Nc5 {[%clk 1:24:54]} 12. Nd5
{[%clk 1:08:21]} Bb7 {[%clk 1:22:15]} 13. O-O-O {[%clk 1:05:54]} Nbd7
{[%clk 1:19:34]} 14. Nb3 {[%clk 1:00:21]} Na4 {[%clk 1:14:52]} 15. Bd4
{[%clk 1:00:04]} Ne5 {[%clk 1:10:52]} 16. Be2 {[%clk 0:55:17]} O-O
{[%clk 1:05:01]} 17. f4 {[%clk 0:39:19]} Nc6 {[%clk 1:04:12]} 18. Bxg7
{[%clk 0:37:09]} Kxg7 {[%clk 1:04:41]} 19. f5 {[%clk 0:34:08]} Kh7
{[%clk 1:00:37]} 20. Qf4 {[%clk 0:31:56]} Nb6 {[%clk 0:55:08]} 21. Ne3
{[%clk 0:30:33]} Ne5 {[%clk 0:53:03]} 22. Nd4 {[%clk 0:27:26]} Qd7
{[%clk 0:51:10]} 23. Rhg1 {[%clk 0:26:28]} Rh8 {[%clk 0:49:32]} 24. Nf3
{[%clk 0:23:31]} Nxf3 {[%clk 0:46:45]} 25. fxg6+ {[%clk 0:23:21]} Kxg6
{[%clk 0:46:34]} 26. Bxf3 {[%clk 0:23:28]} Qe6 {[%clk 0:45:38]} 27. Kb1
{[%clk 0:22:49]} Nc4 {[%clk 0:44:11]} 28. Ng2 {[%clk 0:21:44]} Ne5
{[%clk 0:43:16]} 29. Nh4+ {[%clk 0:21:41]} Kg7 {[%clk 0:43:18]} 30. Nf5+
{[%clk 0:21:34]} Kg6 {[%clk 0:42:39]} 31. Bh1 {[%clk 0:20:54]} Rac8
{[%clk 0:41:54]} 32. Rdf1 {[%clk 0:20:19]} Rc4 {[%clk 0:39:38]} 33. Ne3
{[%clk 0:18:02]} Rc7 {[%clk 0:37:53]} 34. Nf5 {[%clk 0:17:58]} Rc4
{[%clk 0:37:54]} 35. Ne3 {[%clk 0:18:22]} Rc7 {[%clk 0:38:19]} 36. Nf5
{[%clk 0:18:49]} Rc4 {[%clk 0:38:45]} 37. Ne3 {[%clk 0:17:20]} Rc7
{[%clk 0:39:09]} 1/2-1/2

[Event "MPJ_D18"]
[Site "?"]
[Date "2016.03.16"]
[Round "5.10"]
[White "Wierzbowska, Aleksandra"]
[Black "Murawko, Julia"]
[Result "0-1"]
[BlackElo "1758"]
[WhiteElo "1685"]
[LiveChessVersion "1.4.8"]

1. d4 {[%clk 1:30:58]} d5 {[%clk 1:30:55]} 2. c4 {[%clk 1:31:19]} e6
{[%clk 1:31:21]} 3. Nc3 {[%clk 1:31:45]} c6 {[%clk 1:31:22]} 4. Bf4
{[%clk 1:32:01]} Nf6 {[%clk 1:31:35]} 5. e3 {[%clk 1:32:26]} Nbd7
{[%clk 1:31:15]} 6. a3 {[%clk 1:32:33]} Be7 {[%clk 1:29:45]} 7. Nf3
{[%clk 1:32:48]} O-O {[%clk 1:25:23]} 8. c5 {[%clk 1:32:36]} b6 {[%clk 1:18:19]}
9. b4 {[%clk 1:32:57]} bxc5 10. bxc5 {[%clk 1:33:21]} Qa5 {[%clk 1:11:28]} 11.
Qd2 {[%clk 1:30:26]} Ba6 {[%clk 1:09:22]} 12. Nxd5 {[%clk 1:21:20]} Qxd2+
{[%clk 1:01:50]} 13. Nxd2 {[%clk 1:21:44]} Nxd5 {[%clk 1:02:05]} 14. Bxa6
{[%clk 1:22:05]} Nxf4 {[%clk 1:01:56]} 15. exf4 {[%clk 1:22:29]} Rab8
{[%clk 1:01:21]} 16. Ke2 {[%clk 1:21:23]} Bf6 {[%clk 1:01:32]} 17. Ke3
{[%clk 0:56:48]} Rfd8 {[%clk 0:59:39]} 18. Rac1 {[%clk 0:52:41]} Rb2
{[%clk 0:50:05]} 19. Rhd1 {[%clk 0:40:03]} Nb8 {[%clk 0:46:40]} 20. Bd3
{[%clk 0:23:43]} Bxd4+ {[%clk 0:46:03]} 21. Kf3 {[%clk 0:24:05]} Bxc5
{[%clk 0:37:12]} 22. Ne4 {[%clk 0:18:37]} Be7 {[%clk 0:34:25]} 23. Rc3
{[%clk 0:16:40]} h6 {[%clk 0:31:06]} 24. g4 {[%clk 0:16:28]} Rd5 {[%clk 0:25:47]}
25. g5 {[%clk 0:13:31]} hxg5 {[%clk 0:24:08]} 26. fxg5 {[%clk 0:13:57]} Nd7
{[%clk 0:23:18]} 27. Ke3 {[%clk 0:13:46]} Ne5 {[%clk 0:18:02]} 28. h4
{[%clk 0:12:10]} Nxd3 {[%clk 0:17:33]} 29. Rdxd3 {[%clk 0:12:33]} Rb6
{[%clk 0:14:16]} 30. f4 {[%clk 0:12:21]} Ra6 {[%clk 0:14:09]} 31. Rb3
{[%clk 0:09:37]} Rxd3+ {[%clk 0:14:14]} 32. Kxd3 {[%clk 0:09:51]} Rxa3
{[%clk 0:14:39]} 33. Rxa3 {[%clk 0:10:16]} Bxa3 {[%clk 0:15:06]} 34. Kc4
{[%clk 0:10:17]} Kh7 {[%clk 0:15:11]} 35. h5 {[%clk 0:10:27]} Bc1
{[%clk 0:15:11]} 36. Kc5 {[%clk 0:10:51]} Bxf4 {[%clk 0:15:17]} 37. Kxc6
{[%clk 0:11:16]} Be3 {[%clk 0:13:36]} 38. Kb5 {[%clk 0:11:05]} Bd4
{[%clk 0:12:12]} 39. Kc4 {[%clk 0:10:55]} Be5 {[%clk 0:11:41]} 40. Nc5
{[%clk 0:40:49]} Bf4 {[%clk 0:39:58]} 41. Ne4 {[%clk 0:41:09]} Kg8
{[%clk 0:40:12]} 42. Kb5 {[%clk 0:40:05]} Kf8 {[%clk 0:40:26]} 43. Kc5
{[%clk 0:36:24]} Ke7 {[%clk 0:39:55]} 44. Kc6 {[%clk 0:36:30]} Be3
{[%clk 0:38:40]} 45. Kb5 {[%clk 0:35:31]} e5 {[%clk 0:38:34]} 46. Ka5
{[%clk 0:34:38]} Ke6 {[%clk 0:38:45]} 47. Ka6 {[%clk 0:34:59]} f6
{[%clk 0:37:33]} 48. h6 {[%clk 0:34:15]} gxh6 {[%clk 0:37:37]} 49. g6
{[%clk 0:34:38]} f5 {[%clk 0:37:38]} 50. g7 {[%clk 0:34:43]} Kf7 {[%clk 0:37:59]}
51. Nd6+ {[%clk 0:35:00]} Kg8 {[%clk 0:37:17]} 52. Nxf5 {[%clk 0:35:21]} Bf4
{[%clk 0:35:32]} 53. Kb5 {[%clk 0:34:19]} Bg5 {[%clk 0:32:04]} 54. Kc5
{[%clk 0:34:05]} h5 {[%clk 0:32:01]} 55. Kd5 {[%clk 0:33:49]} Bf6
{[%clk 0:32:14]} 56. Ng3 {[%clk 0:33:09]} h4 {[%clk 0:32:15]} 57. Nh5
{[%clk 0:33:34]} Bxg7 {[%clk 0:32:33]} 58. Ke4 {[%clk 0:33:50]} Kf7
{[%clk 0:32:28]} 59. Kf3 {[%clk 0:33:59]} Kg6 {[%clk 0:32:30]} 60. Kg4
{[%clk 0:34:25]} Bf6 0-1

[Event "MPJ_D18"]
[Site "?"]
[Date "2016.03.16"]
[Round "5.11"]
[White "Posuniak, Weronika"]
[Black "Knapik, Julia"]
[Result "1-0"]
[BlackElo "1527"]
[WhiteElo "1731"]
[LiveChessVersion "1.4.8"]

1. d4 {[%clk 1:30:58]} d5 {[%clk 1:30:54]} 2. c4 {[%clk 1:31:24]} e6
{[%clk 1:31:15]} 3. Nc3 {[%clk 1:31:50]} Nf6 {[%clk 1:31:16]} 4. Bg5
{[%clk 1:32:04]} Nbd7 {[%clk 1:31:15]} 5. cxd5 {[%clk 1:31:48]} exd5
{[%clk 1:31:38]} 6. e3 {[%clk 1:32:06]} Be7 {[%clk 1:32:01]} 7. Bd3
{[%clk 1:31:55]} c6 {[%clk 1:31:53]} 8. Nf3 {[%clk 1:31:44]} Nh5 {[%clk 1:28:24]}
9. Bxe7 {[%clk 1:27:47]} Qxe7 {[%clk 1:28:40]} 10. O-O {[%clk 1:27:25]} g6
{[%clk 1:27:47]} 11. Re1 {[%clk 1:25:15]} O-O {[%clk 1:27:19]} 12. Rb1
{[%clk 1:21:00]} Ndf6 {[%clk 1:20:21]} 13. Qc2 {[%clk 1:17:28]} Ng7
{[%clk 1:19:25]} 14. b4 {[%clk 1:12:37]} Bf5 {[%clk 1:18:29]} 15. Nd2
{[%clk 1:07:00]} Rfc8 {[%clk 1:14:42]} 16. Rec1 {[%clk 1:05:49]} a5
{[%clk 1:10:11]} 17. Bxf5 {[%clk 1:04:03]} Nxf5 {[%clk 1:10:32]} 18. b5
{[%clk 1:03:19]} c5 {[%clk 1:06:17]} 19. dxc5 {[%clk 1:02:53]} Rxc5
{[%clk 1:06:21]} 20. Qd3 {[%clk 1:02:10]} Rac8 {[%clk 0:58:30]} 21. Nb3
{[%clk 0:59:53]} R5c7 {[%clk 0:49:58]} 22. b6 {[%clk 0:57:46]} Rc4
{[%clk 0:45:03]} 23. Nxa5 {[%clk 0:55:24]} Rb4 {[%clk 0:42:50]} 24. Nxd5
{[%clk 0:40:21]} Rxc1+ {[%clk 0:40:57]} 25. Rxc1 {[%clk 0:40:46]} Nxd5
{[%clk 0:40:57]} 26. Qxd5 {[%clk 0:40:38]} Rxb6 {[%clk 0:38:30]} 27. h3
{[%clk 0:37:21]} Kg7 {[%clk 0:32:45]} 28. e4 {[%clk 0:33:52]} Nh6
{[%clk 0:32:06]} 29. Qd4+ {[%clk 0:33:42]} Qf6 {[%clk 0:31:08]} 30. Qd5
{[%clk 0:24:28]} Rb2 {[%clk 0:28:05]} 31. Rf1 {[%clk 0:24:25]} Rb6
{[%clk 0:26:06]} 32. Nxb7 {[%clk 0:23:33]} Ng8 {[%clk 0:19:55]} 33. Nc5
{[%clk 0:21:23]} Ne7 {[%clk 0:18:05]} 34. Qd8 {[%clk 0:19:25]} Qd6
{[%clk 0:16:30]} 35. Nd7 {[%clk 0:19:02]} Ng8 {[%clk 0:15:33]} 36. Qxb6
{[%clk 0:18:18]} Qxd7 {[%clk 0:15:33]} 37. Qb4 {[%clk 0:17:52]} 1-0